000 00560nam a2200229Ia 4500
003 OSt
005 20220924145650.0
006 a|||||r|||| 00| 0
007 ta
008 220923b |||||||| |||| 00| 0 tel d
024 _a329739
037 _cTextual
040 _aARTS
_cARTS
_btel
041 _2tel
_atel
082 _aO15,1A1, 35M8
100 _aRasapriya
_9220266
245 0 _aSitanveshama
260 _c1988
650 _aSANSKRIT LITERATURE
942 _hO15,1A1, 35M8
_cTEXL
_2CC
999 _c460777
_d460777